banner-ar

تراث الاسلام : (Record no. 47618)

MARC details
000 -الفاتح
حقل البيانات ثابتة الطول 01143nam a2200265Ia 4500
005 - وقت وتاريخ اخر تعامل مع التسجيلة
رقم الضبط 20240530104430.0
008 - عناصر البيانات ثابتة الطول - معلومات عامة
حقل البيانات ثابتة الطول 140319s1978 ku g 000 0 ara d
040 ## - مصدر الفهرسة
وكالة الفهرسة الأصلية GCL /
وكالة النسخ GCL
082 04 - رقم تصنيف ديوى العشرى
رقم التصنيف 953/
رقم المادة ش ت
100 1# - المدخل الرئيسى - إسم شخصى
الإسم الشخصى شاخت، جوزيف
245 10 - بيان العنوان
العنوان تراث الاسلام :
بقية العنوان القسم الثالث /
بيان المسئوليه,etc تصنيف جوزيف شاخت، كليفورد بوزورث ؛ ترجمة حسين مؤنس، احسان صدقى العمد ؛ مراجعة فؤاد زكريا
260 ## - PUBLICATION, DISTRIBUTION, ETC. (IMPRINT)
تاريخ النشر أو التوزيع 1978.
300 ## - الوصف المادى
التعداد 260 ص. ؛
أبعاد الوعاء 19 سم.
490 0# - بيان السلسلة
عنوان السلسلة عالم المعرفة ؛
رقم المجلد/ التعيين التسلسلي 12.
650 07 - المدخل الاضافى بالموضوع-مصطلح موضوعى
مصدر الرأس أو المصطلح qrmak
مصطلح موضوعي الشريعة الاسلامية
650 07 - المدخل الاضافى بالموضوع-مصطلح موضوعى
مصدر الرأس أو المصطلح qrmak
مصطلح موضوعي التراث الاسلامى
650 07 - المدخل الاضافى بالموضوع-مصطلح موضوعى
مصدر الرأس أو المصطلح qrmak
مصطلح موضوعي العلوم عند العرب
650 07 - المدخل الاضافى بالموضوع-مصطلح موضوعى
مصدر الرأس أو المصطلح qrmak
مصطلح موضوعي الحضارة الاسلامية
700 1# - المدخل الاضافى - اسم شخصى
الإسم الشخصى بوزورث، كليفورد
الدور مؤلف مشارك
700 0# - المدخل الاضافى - اسم شخصى
الإسم الشخصى احسان صدقى العمد
الدور مترجم
700 0# - المدخل الاضافى - اسم شخصى
الإسم الشخصى حسين مؤنس
الدور مترجم
700 0# - المدخل الاضافى - اسم شخصى
الإسم الشخصى فؤاد زكريا
الدور مراجع
942 ## - عناصر المدخل الإضافي( كوها)
مصدر التصنيف او مخطط الترفيف Dewey Decimal Classification
Koha [default] item type كتاب
260 ## - PUBLICATION, DISTRIBUTION, ETC. (IMPRINT)
-- الكويت :
-- المجلس الوطنى للثقافة والفنون والاداب،
Holdings
حالة التراجع حالة الفقد حالة تلف ليس للاعارة المكان المؤقت الموقع الحالى موقع الترفيف تاريخ الاكتساب اجمالي اﻻعارات رقم الطلب الباركود تاريخ اخر مشاهدة تاريخ تفعيل السعر نوع وعاء كوها
        مكتبة القاهرة الكبرى مكتبة القاهرة الكبرى ق الرئيسية_التاريخ والجغرافيا_ك عربى 03/16/2022   953/ش ت 114894 03/26/2014 03/26/2014 كتاب

Powered By

EGPV